000 00622nam a2200241Ia 4500
003 OSt
005 20221007100153.0
006 a|||||r|||| 00| 0
007 ta
008 221006b |||||||| |||| 00| 0 eng d
024 _a3,901
037 _cTextual
040 _aLCO
_cLCO
_beng
041 _2eng
_aeng
082 _aX8(A):(Z2), M6
100 _aRamanujam G.
245 0 _aIndian Labour Movement
260 _aNew
_bDelhi Sterling Publishers Private Limited India
_c1986
300 _a423
650 _aLABOUR
942 _hX8(A):(Z2), M6
_cTEXL
999 _c1173464
_d1173464